[Event "Bundesliga 9900"]
[Site "Deutschland"]
[Date "2000.01.09"]
[Round "7.1"]
[White "Lautier, Joel"]
[Black "Van der Sterren, Paul"]
[Result "1-0"]
[WhiteElo "2653"]
[BlackElo "2535"]
[PlyCount "71"]
[EventDate "1999.10.09"]
[EventType "team"]
[EventRounds "15"]
[EventCountry "GER"]
[SourceTitle "Bundesliga 9900"]
[Source "DeepChess"]
[SourceDate "2005.01.01"]
[SourceVersion "1"]
[SourceVersionDate "2005.01.01"]
[SourceQuality "1"]
[WhiteTeam "Godesberger SK 1929"]
[BlackTeam "SV Castrop Rauxel 1923"]
[WhiteTeamCountry "GER"]
[BlackTeamCountry "GER"]

1. d4 Nf6 2. c4 e6 3. Nc3 d5 4. cxd5 exd5 5. Bg5 Be7 6. e3 O-O 7. Bd3 Nbd7 8.
Nge2 Re8 9. O-O Nf8 10. b4 Ne4 11. Bxe7 Rxe7 12. Qc2 Bf5 13. Nf4 c6 14. Nce2 g5
15. f3 gxf4 16. fxe4 Bxe4 17. Nxf4 Qd6 18. Nh5 Nd7 19. Bxe4 Rxe4 20. Ng3 Rh4
21. Rf3 f6 22. h3 Qe6 23. Nf5 Rh5 24. h4 Kh8 25. Raf1 Rg8 26. Rf4 Rxf5 27. Qxf5
Qxe3+ 28. Kh1 Rg7 29. Rg4 Qe7 30. Rf3 Nf8 31. Rxg7 Kxg7 32. Rg3+ Kh8 33. Qg4
Qf7 34. Re3 h5 35. Qe2 Qg6 36. Re7 1-0

[Event "Bundesliga 9900"]
[Site "Deutschland"]
[Date "2000.01.09"]
[Round "7.3"]
[White "Gurevich, Mikhail"]
[Black "Bosch, Jeroen"]
[Result "1-0"]
[WhiteElo "2694"]
[BlackElo "2415"]
[PlyCount "81"]
[EventDate "1999.10.09"]
[EventType "team"]
[EventRounds "15"]
[EventCountry "GER"]
[SourceTitle "Bundesliga 9900"]
[Source "DeepChess"]
[SourceDate "2005.01.01"]
[SourceVersion "1"]
[SourceVersionDate "2005.01.01"]
[SourceQuality "1"]
[WhiteTeam "Godesberger SK 1929"]
[BlackTeam "SV Castrop Rauxel 1923"]
[WhiteTeamCountry "GER"]
[BlackTeamCountry "GER"]

1. c4 e6 2. Nc3 d5 3. d4 c5 4. cxd5 exd5 5. Nf3 Nc6 6. g3 Nf6 7. Bg2 Be7 8. O-O
O-O 9. Bg5 cxd4 10. Nxd4 h6 11. Bf4 Bg4 12. h3 Be6 13. Nxe6 fxe6 14. e4 d4 15.
e5 dxc3 16. exf6 Qxd1 17. Rfxd1 Bxf6 18. bxc3 Rad8 19. Rac1 Rxd1+ 20. Rxd1 Bxc3
21. Rd6 e5 22. Be3 Bd4 23. Rd7 Bxe3 24. fxe3 Na5 25. Bd5+ Kh7 26. Re7 Kg6 27.
Rxe5 Nc6 28. Be4+ Kf6 29. Rf5+ Ke7 30. Rb5 Kd6 31. Rxb7 Ne5 32. Rxa7 Nc4 33.
Rxg7 Nxe3 34. Bd3 Ke5 35. a4 Rd8 36. Re7+ Kd4 37. Bg6 Nd5 38. Re4+ Kc5 39. Bf7
Nf6 40. Re6 Rd1+ 41. Kf2 1-0

[Event "Bundesliga 9900"]
[Site "Deutschland"]
[Date "2000.01.08"]
[Round "7.4"]
[White "Hoffmann, Michael"]
[Black "Kengis, Edvins"]
[Result "1/2-1/2"]
[WhiteElo "2452"]
[BlackElo "2574"]
[PlyCount "51"]
[EventDate "1999.10.09"]
[EventType "team"]
[EventRounds "15"]
[EventCountry "GER"]
[SourceTitle "Bundesliga 9900"]
[Source "DeepChess"]
[SourceDate "2005.01.01"]
[SourceVersion "1"]
[SourceVersionDate "2005.01.01"]
[SourceQuality "1"]
[WhiteTeam "SV Castrop Rauxel 1923"]
[BlackTeam "Godesberger SK 1929"]
[WhiteTeamCountry "GER"]
[BlackTeamCountry "GER"]

1. e4 c5 2. Nf3 e6 3. d4 cxd4 4. Nxd4 a6 5. Bd3 Qb6 6. c3 Nc6 7. O-O Nge7 8.
Be3 Qc7 9. Nd2 d6 10. f4 Bd7 11. f5 exf5 12. exf5 Ne5 13. Bc2 Nd5 14. Bg5 h6
15. Qh5 hxg5 16. Qxh8 Ne3 17. Qh5 Qb6 18. Bb3 O-O-O 19. Qxg5 Nxf1 20. Nxf1 a5
21. Rb1 a4 22. Bd5 Re8 23. Ne3 Qc5 24. Rd1 a3 25. bxa3 Qxc3 26. Nb3 1/2-1/2

[Event "Bundesliga 9900"]
[Site "Deutschland"]
[Date "2000.01.08"]
[Round "7.5"]
[White "David, Alberto"]
[Black "Dinstuhl, Volkmar"]
[Result "0-1"]
[WhiteElo "2520"]
[BlackElo "2406"]
[PlyCount "78"]
[EventDate "1999.10.09"]
[EventType "team"]
[EventRounds "15"]
[EventCountry "GER"]
[SourceTitle "Bundesliga 9900"]
[Source "DeepChess"]
[SourceDate "2005.01.01"]
[SourceVersion "1"]
[SourceVersionDate "2005.01.01"]
[SourceQuality "1"]
[WhiteTeam "Godesberger SK 1929"]
[BlackTeam "SV Castrop Rauxel 1923"]
[WhiteTeamCountry "GER"]
[BlackTeamCountry "GER"]

1. e4 c5 2. Nf3 d6 3. d4 cxd4 4. Nxd4 Nf6 5. Nc3 a6 6. Be3 e5 7. Nb3 Be6 8. f3
Be7 9. Qd2 h5 10. Be2 Nbd7 11. Nd5 Nxd5 12. exd5 Bf5 13. Na5 Qc7 14. c4 O-O 15.
O-O Bf6 16. Rac1 b6 17. Nc6 Nb8 18. Nxb8 Raxb8 19. b4 Qd7 20. c5 bxc5 21. bxc5
dxc5 22. Rxc5 Be7 23. Rc6 Bb4 24. Qd1 a5 25. Bc4 Rfc8 26. Qc1 Qe7 27. Ba6 Rd8
28. Rd1 Bd7 29. d6 Qf8 30. Rc7 Bxd6 31. Ra7 Be6 32. Kh1 Bxa2 33. Bg5 Ba3 34.
Rxd8 Qxd8 35. Bxd8 Bxc1 36. Bc7 Rf8 37. Bxa5 Be3 38. Rc7 Be6 39. Rc6 Rb8 0-1

[Event "Bundesliga 9900"]
[Site "Deutschland"]
[Date "2000.01.08"]
[Round "7.7"]
[White "Jackelen, Thomas"]
[Black "Appel, Ralf"]
[Result "0-1"]
[WhiteElo "2368"]
[BlackElo "2475"]
[PlyCount "61"]
[EventDate "1999.10.09"]
[EventType "team"]
[EventRounds "15"]
[EventCountry "GER"]
[SourceTitle "Bundesliga 9900"]
[Source "DeepChess"]
[SourceDate "2005.01.01"]
[SourceVersion "1"]
[SourceVersionDate "2005.01.01"]
[SourceQuality "1"]
[WhiteTeam "Godesberger SK 1929"]
[BlackTeam "SV Castrop Rauxel 1923"]
[WhiteTeamCountry "GER"]
[BlackTeamCountry "GER"]

1. Nf3 g6 2. c4 Bg7 3. d4 c5 4. e4 cxd4 5. Nxd4 b6 6. Nc3 Bb7 7. g3 d6 8. Bg2
Nd7 9. O-O Rc8 10. b3 a6 11. Bb2 Ba8 12. Re1 Ngf6 13. Qd2 O-O 14. Rad1 Re8 15.
Nd5 Nc5 16. Qg5 e5 17. Nc2 b5 18. cxb5 Nxd5 19. Qxd8 Rexd8 20. exd5 Nd3 21.
Rxd3 Rxc2 22. Bc1 axb5 23. a4 f5 24. axb5 e4 25. Rdd1 Bc3 26. Rf1 Rb8 27. Bf4
Rxb5 28. Bxd6 Bxd5 29. b4 Bd2 30. Rb1 e3 31. Bxd5+ 0-1

[Event "Bundesliga 9900"]
[Site "Deutschland"]
[Date "2000.01.08"]
[Round "7.8"]
[White "Lemmers, Oscar"]
[Black "Schmidt, Bodo"]
[Result "1-0"]
[WhiteElo "2415"]
[BlackElo "2383"]
[PlyCount "43"]
[EventDate "1999.10.09"]
[EventType "team"]
[EventRounds "15"]
[EventCountry "GER"]
[SourceTitle "Bundesliga 9900"]
[Source "DeepChess"]
[SourceDate "2005.01.01"]
[SourceVersion "1"]
[SourceVersionDate "2005.01.01"]
[SourceQuality "1"]
[WhiteTeam "SV Castrop Rauxel 1923"]
[BlackTeam "Godesberger SK 1929"]
[WhiteTeamCountry "GER"]
[BlackTeamCountry "GER"]

1. e4 e6 2. d4 d5 3. e5 c5 4. c3 Nc6 5. Nf3 Qb6 6. Bd3 Bd7 7. O-O cxd4 8. cxd4
Nxd4 9. Nxd4 Qxd4 10. Qe2 Ne7 11. Nc3 a6 12. Kh1 Nc6 13. Be3 Qh4 14. Bd2 g6 15.
f4 Bg7 16. Na4 Nxe5 17. fxe5 Qxa4 18. Rf4 Qc6 19. Qf2 Bxe5 20. Rxf7 Bxb2 21.
Bg5 h6 22. Rf8+ 1-0

[Event "Bundesliga 9900"]
[Site "Deutschland"]
[Date "2000.01.08"]
[Round "7.4"]
[White "Heinemann, Thies"]
[Black "Hector, Jonny"]
[Result "1/2-1/2"]
[WhiteElo "2479"]
[BlackElo "2515"]
[PlyCount "84"]
[EventDate "1999.10.09"]
[EventType "team"]
[EventRounds "15"]
[EventCountry "GER"]
[SourceTitle "Bundesliga 9900"]
[Source "DeepChess"]
[SourceDate "2005.01.01"]
[SourceVersion "1"]
[SourceVersionDate "2005.01.01"]
[SourceQuality "1"]
[WhiteTeam "Hamburger SK 1830 e.V."]
[BlackTeam "Luebecker SV von 1873 "]
[WhiteTeamCountry "GER"]
[BlackTeamCountry "GER"]

1. e4 e5 2. Nf3 Nc6 3. Nc3 Nf6 4. d4 exd4 5. Nxd4 Bb4 6. Nxc6 bxc6 7. Bd3 d5 8.
exd5 cxd5 9. O-O O-O 10. Bg5 c6 11. Qf3 Bd6 12. h3 Rb8 13. Na4 h6 14. Bxf6 Qxf6
15. Qxf6 gxf6 16. b3 Be6 17. Rac1 Ba3 18. Rcd1 c5 19. Be2 Rfd8 20. Nc3 Bb4 21.
Nb1 c4 22. c3 Ba5 23. b4 Bc7 24. a3 a5 25. Bg4 f5 26. Bf3 axb4 27. axb4 Be5 28.
Rfe1 Bf6 29. Rd2 d4 30. cxd4 Rxd4 31. Rxd4 Bxd4 32. Na3 c3 33. Nc2 Bb6 34. Be2
Bb3 35. Na1 Ba4 36. Rc1 Bd4 37. Nc2 Bf6 38. Bd3 f4 39. Kf1 Rd8 40. Ke2 Re8+ 41.
Kf1 Rd8 42. Ke2 Re8+ 1/2-1/2

[Event "Bundesliga 9900"]
[Site "Deutschland"]
[Date "2000.01.08"]
[Round "7.5"]
[White "Kalinitschew, Sergey"]
[Black "Hansen, Sune Berg"]
[Result "1/2-1/2"]
[WhiteElo "2504"]
[BlackElo "2551"]
[PlyCount "96"]
[EventDate "1999.10.09"]
[EventType "team"]
[EventRounds "15"]
[EventCountry "GER"]
[SourceTitle "Bundesliga 9900"]
[Source "DeepChess"]
[SourceDate "2005.01.01"]
[SourceVersion "1"]
[SourceVersionDate "2005.01.01"]
[SourceQuality "1"]
[WhiteTeam "Luebecker SV von 1873 "]
[BlackTeam "Hamburger SK 1830 e.V."]
[WhiteTeamCountry "GER"]
[BlackTeamCountry "GER"]

1. d4 Nf6 2. c4 e6 3. Nf3 b6 4. Nc3 Bb4 5. Bg5 Bb7 6. Nd2 h6 7. Bh4 O-O 8. e3
d5 9. cxd5 exd5 10. Bd3 Be7 11. O-O Nbd7 12. Rc1 c5 13. f3 a6 14. Bf2 Re8 15.
Re1 b5 16. dxc5 Nxc5 17. Bb1 Bd6 18. Ne2 Nfd7 19. Nf1 Qf6 20. Nd4 g6 21. Qd2 h5
22. Red1 Rac8 23. h3 Ne5 24. b3 Ned7 25. Ne2 Bf8 26. Qd4 Qxd4 27. Nxd4 b4 28.
g4 hxg4 29. hxg4 Bg7 30. Kg2 a5 31. Ng3 a4 32. Nge2 axb3 33. axb3 Ra8 34. Nf4
Bf8 35. Bc2 Ra2 36. Nb5 Nb6 37. Kg1 Rc8 38. Be1 Ncd7 39. Bb1 Rxc1 40. Rxc1 Ra1
41. Bd2 Ne5 42. Kf2 Nbd7 43. Nd4 Nc5 44. Kg2 Na6 45. Nc2 Ra5 46. Nd4 Ra1 47.
Nc2 Ra5 48. Nd4 Ra1 1/2-1/2

[Event "Bundesliga 9900"]
[Site "Deutschland"]
[Date "2000.01.09"]
[Round "7.7"]
[White "Mortensen, Erling"]
[Black "Gustafsson, Jan"]
[Result "1-0"]
[WhiteElo "2445"]
[BlackElo "2436"]
[PlyCount "67"]
[EventDate "1999.10.09"]
[EventType "team"]
[EventRounds "15"]
[EventCountry "GER"]
[SourceTitle "Bundesliga 9900"]
[Source "DeepChess"]
[SourceDate "2005.01.01"]
[SourceVersion "1"]
[SourceVersionDate "2005.01.01"]
[SourceQuality "1"]
[WhiteTeam "Luebecker SV von 1873 "]
[BlackTeam "Hamburger SK 1830 e.V."]
[WhiteTeamCountry "GER"]
[BlackTeamCountry "GER"]

1. e4 c5 2. Nf3 e6 3. d3 d5 4. Qe2 Ne7 5. g3 Nbc6 6. Bg2 g6 7. O-O Bg7 8. c3 b6
9. e5 Qc7 10. Re1 h6 11. h4 Ba6 12. Na3 O-O-O 13. Bd2 g5 14. hxg5 hxg5 15. Bxg5
Rdg8 16. Bxe7 Qxe7 17. Qd1 Rh5 18. d4 Rgh8 19. Qa4 Kb7 20. Nb5 Bxb5 21. Qxb5 c4
22. Qa4 f5 23. b3 cxb3 24. axb3 Bf8 25. c4 Qh7 26. Nh4 Rxh4 27. gxh4 Rg8 28.
cxd5 exd5 29. Qb5 Nb4 30. Kf1 Rxg2 31. Kxg2 f4 32. e6 f3+ 33. Kf1 Nc6 34. Rec1
1-0

[Event "Bundesliga 9900"]
[Site "Deutschland"]
[Date "2000.01.08"]
[Round "7.8"]
[White "Michaelsen, Nils"]
[Black "Blauert, Joerg"]
[Result "0-1"]
[WhiteElo "2459"]
[BlackElo "2395"]
[PlyCount "64"]
[EventDate "1999.10.09"]
[EventType "team"]
[EventRounds "15"]
[EventCountry "GER"]
[SourceTitle "Bundesliga 9900"]
[Source "DeepChess"]
[SourceDate "2005.01.01"]
[SourceVersion "1"]
[SourceVersionDate "2005.01.01"]
[SourceQuality "1"]
[WhiteTeam "Hamburger SK 1830 e.V."]
[BlackTeam "Luebecker SV von 1873 "]
[WhiteTeamCountry "GER"]
[BlackTeamCountry "GER"]

1. d4 d5 2. c4 dxc4 3. e4 e5 4. Nf3 exd4 5. Bxc4 Bb4+ 6. Bd2 Bxd2+ 7. Nbxd2 Qf6
8. O-O Ne7 9. e5 Qg6 10. Nxd4 Nbc6 11. Nxc6 Nxc6 12. f4 O-O 13. Nf3 Qe4 14. Qc1
Be6 15. Bxe6 fxe6 16. Ng5 Qg6 17. Qc4 Rae8 18. Rae1 h6 19. Ne4 Re7 20. b4 Nb8
21. Qc5 Ref7 22. Qxa7 Nd7 23. Qxb7 Nb6 24. Nd6 Rxf4 25. Rxf4 Rxf4 26. Qxc7 Nd5
27. Qc8+ Kh7 28. Qe8 Qc2 29. Kh1 Ne3 30. Rg1 Rf1 31. Qa8 Qf2 32. Qe4+ Nf5 0-1

[Event "Bundesliga 9900"]
[Site "Deutschland"]
[Date "2000.01.08"]
[Round "7.1"]
[White "Lutz, Christopher"]
[Black "Epishin, Vladimir"]
[Result "1/2-1/2"]
[WhiteElo "2587"]
[BlackElo "2667"]
[PlyCount "53"]
[EventDate "1999.10.09"]
[EventType "team"]
[EventRounds "15"]
[EventCountry "GER"]
[SourceTitle "Bundesliga 9900"]
[Source "DeepChess"]
[SourceDate "2005.01.01"]
[SourceVersion "1"]
[SourceVersionDate "2005.01.01"]
[SourceQuality "1"]
[WhiteTeam "SG Porz e.V."]
[BlackTeam "PSV Turm Duisburg 1920 e.V."]
[WhiteTeamCountry "GER"]
[BlackTeamCountry "GER"]

1. e4 c6 2. d4 d5 3. e5 Bf5 4. Nf3 e6 5. a3 Bg6 6. Be2 c5 7. c3 Nd7 8. O-O a6
9. Be3 Rc8 10. Nbd2 cxd4 11. Bxd4 Bc5 12. Rc1 Ne7 13. b4 Bb6 14. Qb3 Bh5 15.
Rfe1 O-O 16. Bxb6 Nxb6 17. c4 Bxf3 18. Qxf3 Nc6 19. Bf1 Qg5 20. Qe3 Qxe3 21.
Rxe3 dxc4 22. Nxc4 Nd4 23. Ree1 Nb3 24. Rb1 Nxc4 25. Rxb3 Rfd8 26. Rc3 Nb6 27.
Rec1 1/2-1/2

[Event "Bundesliga 9900"]
[Site "Deutschland"]
[Date "2000.01.08"]
[Round "7.2"]
[White "Unzicker, Wolfgang"]
[Black "Van Wely, Loek"]
[Result "0-1"]
[WhiteElo "2436"]
[BlackElo "2646"]
[PlyCount "74"]
[EventDate "1999.10.09"]
[EventType "team"]
[EventRounds "15"]
[EventCountry "GER"]
[SourceTitle "Bundesliga 9900"]
[Source "DeepChess"]
[SourceDate "2005.01.01"]
[SourceVersion "1"]
[SourceVersionDate "2005.01.01"]
[SourceQuality "1"]
[WhiteTeam "PSV Turm Duisburg 1920 e.V."]
[BlackTeam "SG Porz e.V."]
[WhiteTeamCountry "GER"]
[BlackTeamCountry "GER"]

1. d4 Nf6 2. Nf3 d5 3. c4 e6 4. Nc3 dxc4 5. e3 c5 6. Bxc4 a6 7. a4 Nc6 8. O-O
cxd4 9. exd4 Be7 10. Re1 O-O 11. Bg5 Nb4 12. Qb3 Nc6 13. Qd1 Bd7 14. Qe2 Nb4
15. Rad1 Bc6 16. Ne5 Nfd5 17. Nxc6 bxc6 18. Bc1 Bg5 19. Ne4 Bxc1 20. Rxc1 Nf6
21. Nxf6+ Qxf6 22. Qe5 Rfd8 23. Red1 a5 24. Be2 Qe7 25. Bf3 Rd6 26. Rc5 Qd8 27.
g3 Ra7 28. b3 h6 29. h4 Ra6 30. Kg2 Rd7 31. Be2 Ra8 32. Bf3 Qb6 33. Be4 Kf8 34.
Rdc1 Rad8 35. Rxa5 Rxd4 36. Rc4 Rxc4 37. bxc4 Nd5 0-1

[Event "Bundesliga 9900"]
[Site "Deutschland"]
[Date "2000.01.08"]
[Round "7.3"]
[White "Vaganian, Rafael A"]
[Black "Kraut, Rainer"]
[Result "1-0"]
[WhiteElo "2618"]
[BlackElo "2453"]
[PlyCount "137"]
[EventDate "1999.10.09"]
[EventType "team"]
[EventRounds "15"]
[EventCountry "GER"]
[SourceTitle "Bundesliga 9900"]
[Source "DeepChess"]
[SourceDate "2005.01.01"]
[SourceVersion "1"]
[SourceVersionDate "2005.01.01"]
[SourceQuality "1"]
[WhiteTeam "SG Porz e.V."]
[BlackTeam "PSV Turm Duisburg 1920 e.V."]
[WhiteTeamCountry "GER"]
[BlackTeamCountry "GER"]

1. Nf3 d5 2. d4 Nf6 3. c4 dxc4 4. e3 Bg4 5. h3 Bh5 6. Nbd2 Nc6 7. Bxc4 a6 8. a3
e6 9. b4 Bd6 10. Bb2 Qe7 11. Be2 Rd8 12. O-O O-O 13. Rc1 Bg6 14. Qb3 Ne4 15.
Nc4 Bh5 16. b5 axb5 17. Qxb5 Ng5 18. Nxd6 cxd6 19. Nd2 Bxe2 20. Qxe2 f5 21. Rc3
Ne4 22. Nxe4 fxe4 23. a4 Rf5 24. Ba3 Qf7 25. Rb1 Ra5 26. Qb2 Ra7 27. Qb6 Rd7
28. Bxd6 h6 29. Bf4 Rxa4 30. Rxc6 bxc6 31. Qxc6 Rda7 32. Rb8+ Kh7 33. Qxe4+ Qf5
34. Qxf5+ exf5 35. Rf8 Kg6 36. g4 fxg4 37. hxg4 Rf7 38. Rd8 Raa7 39. Rd6+ Rf6
40. Rd5 Raf7 41. Bg3 Re6 42. Kg2 Kh7 43. Rc5 Re4 44. Kh3 Ra7 45. d5 Ra1 46. d6
Rd1 47. Rc7 Re6 48. Re7 Rexd6 49. Bxd6 Rxd6 50. Kg3 Kg6 51. f4 Kf6 52. Ra7 Rb6
53. Ra5 Rb3 54. Ra6+ Kf7 55. Kf3 Rb4 56. f5 Rb1 57. e4 Rf1+ 58. Ke3 Re1+ 59.
Kf4 Rb1 60. Ra7+ Kf8 61. e5 Rb4+ 62. Kg3 Rb3+ 63. Kh4 Re3 64. Ra8+ Ke7 65. e6
g6 66. Rg8 gxf5 67. gxf5 Re1 68. Rg7+ Ke8 69. Kh5 1-0

[Event "Bundesliga 9900"]
[Site "Deutschland"]
[Date "2000.01.08"]
[Round "7.4"]
[White "Thesing, Matthias"]
[Black "Hansen, Curt"]
[Result "0-1"]
[WhiteElo "2444"]
[BlackElo "2618"]
[PlyCount "88"]
[EventDate "1999.10.09"]
[EventType "team"]
[EventRounds "15"]
[EventCountry "GER"]
[SourceTitle "Bundesliga 9900"]
[Source "DeepChess"]
[SourceDate "2005.01.01"]
[SourceVersion "1"]
[SourceVersionDate "2005.01.01"]
[SourceQuality "1"]
[WhiteTeam "PSV Turm Duisburg 1920 e.V."]
[BlackTeam "SG Porz e.V."]
[WhiteTeamCountry "GER"]
[BlackTeamCountry "GER"]

1. e4 c5 2. Nc3 Nc6 3. Bb5 Nd4 4. Nf3 e6 5. O-O Ne7 6. Nxd4 cxd4 7. Ne2 a6 8.
Bd3 d5 9. exd5 Nxd5 10. c3 dxc3 11. dxc3 Qc7 12. Be4 Nf6 13. Bf3 Bd6 14. h3 O-O
15. c4 Nd7 16. Nc3 Ne5 17. Be2 Rd8 18. Qb3 Nd7 19. Be3 b6 20. Na4 Rb8 21. Rfd1
Bb7 22. Rd2 b5 23. cxb5 axb5 24. Nc3 b4 25. Nb5 Qc6 26. f3 Bc5 27. Kf2 Ba6 28.
Nd4 Qb6 29. Bxa6 Qxa6 30. Nc2 Be7 31. Rad1 Qc8 32. Ne1 Nf6 33. Rxd8+ Bxd8 34.
Rc1 Qb7 35. Qc4 Nd5 36. Qc6 Qxc6 37. Rxc6 Bh4+ 38. g3 Bxg3+ 39. Kxg3 Nxe3 40.
Nd3 Nd5 41. Nf4 Ne7 42. Rc7 Kf8 43. Ra7 Rd8 44. Kf2 g5 0-1

[Event "Bundesliga 9900"]
[Site "Deutschland"]
[Date "2000.01.08"]
[Round "7.5"]
[White "Nijboer, Friso"]
[Black "Zude, Arno"]
[Result "1-0"]
[WhiteElo "2540"]
[BlackElo "2371"]
[PlyCount "103"]
[EventDate "1999.10.09"]
[EventType "team"]
[EventRounds "15"]
[EventCountry "GER"]
[SourceTitle "Bundesliga 9900"]
[Source "DeepChess"]
[SourceDate "2005.01.01"]
[SourceVersion "1"]
[SourceVersionDate "2005.01.01"]
[SourceQuality "1"]
[WhiteTeam "SG Porz e.V."]
[BlackTeam "PSV Turm Duisburg 1920 e.V."]
[WhiteTeamCountry "GER"]
[BlackTeamCountry "GER"]

1. e4 e5 2. Nf3 Nc6 3. Bb5 a6 4. Ba4 d6 5. c3 Bd7 6. d4 Nge7 7. d5 Nb8 8. c4
Ng6 9. Nc3 Be7 10. Be3 O-O 11. O-O f5 12. Bxd7 Qxd7 13. a3 f4 14. Bd2 Qc8 15.
Ne1 Nd7 16. f3 c6 17. Rc1 Bd8 18. Kh1 Bb6 19. b4 Qd8 20. dxc6 bxc6 21. Qa4 Nf6
22. Nc2 Nh5 23. Be1 Ng3+ 24. Bxg3 fxg3 25. Ne2 gxh2 26. c5 dxc5 27. bxc5 Qd3
28. cxb6 Qxe2 29. Qb3+ Kh8 30. Qe3 Nf4 31. Qxe2 Nxe2 32. Ne3 Rad8 33. Rfe1 Nxc1
34. Rxc1 Rd3 35. Nc4 Rfd8 36. Kxh2 Rb3 37. Nxe5 Rd2 38. Rxc6 h6 39. f4 Rbb2 40.
Kh3 Rxg2 41. Nd3 Rh2+ 42. Kg3 Rbg2+ 43. Kf3 Rd2 44. Ke3 Rd1 45. b7 Rh3+ 46. Ke2
Rdxd3 47. b8=Q+ Kh7 48. f5 Rxa3 49. Kd2 Rhg3 50. Kc1 Rg1+ 51. Kb2 Raa1 52. Qe8
1-0

[Event "Bundesliga 9900"]
[Site "Deutschland"]
[Date "2000.01.08"]
[Round "7.6"]
[White "Kummerow, Heiko"]
[Black "Vogt, Lothar"]
[Result "1/2-1/2"]
[WhiteElo "2326"]
[BlackElo "2466"]
[PlyCount "54"]
[EventDate "1999.10.09"]
[EventType "team"]
[EventRounds "15"]
[EventCountry "GER"]
[SourceTitle "Bundesliga 9900"]
[Source "DeepChess"]
[SourceDate "2005.01.01"]
[SourceVersion "1"]
[SourceVersionDate "2005.01.01"]
[SourceQuality "1"]
[WhiteTeam "PSV Turm Duisburg 1920 e.V."]
[BlackTeam "SG Porz e.V."]
[WhiteTeamCountry "GER"]
[BlackTeamCountry "GER"]

1. e4 c5 2. Nf3 Nc6 3. d4 cxd4 4. Nxd4 g6 5. c4 Nf6 6. Nc3 d6 7. Be2 Nxd4 8.
Qxd4 Bg7 9. Bg5 O-O 10. Qd2 Be6 11. Rc1 Qa5 12. f3 Rfe8 13. b3 Rac8 14. Nd5 Qd8
15. O-O Nxd5 16. cxd5 Bd7 17. Rxc8 Qxc8 18. Rc1 Qb8 19. Be3 a6 20. Bb6 Rc8 21.
Bc4 Bb5 22. Rc2 Bxc4 23. Qc1 Bf6 24. Rxc4 Rxc4 25. Qxc4 Qf8 26. Qc1 Qe8 27. a4
Qd7 1/2-1/2

[Event "Bundesliga 9900"]
[Site "Deutschland"]
[Date "2000.01.08"]
[Round "7.2"]
[White "Rogozenko, Dorian"]
[Black "Bunzmann, Dimitrij"]
[Result "1-0"]
[WhiteElo "2562"]
[BlackElo "2502"]
[PlyCount "45"]
[EventDate "1999.10.09"]
[EventType "team"]
[EventRounds "15"]
[EventCountry "GER"]
[SourceTitle "Bundesliga 9900"]
[Source "DeepChess"]
[SourceDate "2005.01.01"]
[SourceVersion "1"]
[SourceVersionDate "2005.01.01"]
[SourceQuality "1"]
[WhiteTeam "USC Magdeburg"]
[BlackTeam "SF Neukoelln 03 e.V."]
[WhiteTeamCountry "GER"]
[BlackTeamCountry "GER"]

1. d4 e6 2. c4 b6 3. a3 Bb7 4. Nc3 f5 5. d5 Be7 6. g3 Bf6 7. Bd2 c6 8. Bg2 cxd5
9. cxd5 Ne7 10. Nh3 e5 11. O-O d6 12. e4 O-O 13. f4 Na6 14. exf5 Nxf5 15. fxe5
Bxe5 16. Ng5 Nd4 17. Qh5 h6 18. Be4 Bf6 19. Qg6 hxg5 20. Qh7+ Kf7 21. Bg6+ Ke7
22. Rxf6 Kd7 23. Bf5+ 1-0

[Event "Bundesliga 9900"]
[Site "Deutschland"]
[Date "2000.01.08"]
[Round "7.3"]
[White "Stohl, Igor"]
[Black "Baklan, Vladimir"]
[Result "1/2-1/2"]
[WhiteElo "2586"]
[BlackElo "2571"]
[PlyCount "69"]
[EventDate "1999.10.09"]
[EventType "team"]
[EventRounds "15"]
[EventCountry "GER"]
[SourceTitle "Bundesliga 9900"]
[Source "DeepChess"]
[SourceDate "2005.01.01"]
[SourceVersion "1"]
[SourceVersionDate "2005.01.01"]
[SourceQuality "1"]
[WhiteTeam "SF Neukoelln 03 e.V."]
[BlackTeam "USC Magdeburg"]
[WhiteTeamCountry "GER"]
[BlackTeamCountry "GER"]

1. d4 Nf6 2. Nf3 c5 3. c4 cxd4 4. Nxd4 Nc6 5. Nc3 e6 6. Ndb5 d5 7. Bf4 e5 8.
cxd5 exf4 9. dxc6 bxc6 10. Qxd8+ Kxd8 11. Rd1+ Bd7 12. Nd6 Bxd6 13. Rxd6 Re8
14. Rd4 Rb8 15. b3 g5 16. g3 f3 17. Kd2 c5 18. Rc4 Bc6 19. exf3 Bxf3 20. Rg1
Nd7 21. Be2 Bxe2 22. Nxe2 Ne5 23. Rc3 Rb6 24. Rd1 Rd6+ 25. Kc2 Kd7 26. Rxd6+
Kxd6 27. Re3 Rb8 28. f4 gxf4 29. gxf4 Ng4 30. Rh3 Nf6 31. Rh6 Ke7 32. Ng3 Rb4
33. Nf5+ Ke6 34. Ng7+ Ke7 35. Nf5+ 1/2-1/2

[Event "Bundesliga 9900"]
[Site "Deutschland"]
[Date "2000.01.08"]
[Round "7.4"]
[White "Georgiev, Vladimir"]
[Black "Berndt, Stephan"]
[Result "1-0"]
[WhiteElo "2538"]
[BlackElo "2500"]
[PlyCount "57"]
[EventDate "1999.10.09"]
[EventType "team"]
[EventRounds "15"]
[EventCountry "GER"]
[SourceTitle "Bundesliga 9900"]
[Source "DeepChess"]
[SourceDate "2005.01.01"]
[SourceVersion "1"]
[SourceVersionDate "2005.01.01"]
[SourceQuality "1"]
[WhiteTeam "USC Magdeburg"]
[BlackTeam "SF Neukoelln 03 e.V."]
[WhiteTeamCountry "GER"]
[BlackTeamCountry "GER"]

1. e4 c5 2. Nf3 d6 3. d4 cxd4 4. Nxd4 Nf6 5. Nc3 g6 6. g3 Nc6 7. Nde2 Bg7 8.
Bg2 O-O 9. O-O Rb8 10. a4 a6 11. Nd5 Nd7 12. c3 b5 13. axb5 axb5 14. Bg5 Re8
15. Nd4 Nxd4 16. cxd4 Bb7 17. Nb4 Ra8 18. Qd2 Ra4 19. b3 Rxa1 20. Rxa1 Nc5 21.
dxc5 Bxa1 22. c6 Ba8 23. Bh3 Bf6 24. Bd7 Bxg5 25. Qxg5 Rf8 26. Nd5 f6 27. Qh6
Bxc6 28. Bxc6 e6 29. Nf4 1-0